| 000 | 00517nam a2200157 i 4500 | ||
|---|---|---|---|
| 001 | 90829 | ||
| 003 | ES-MaACL | ||
| 007 | t| | ||
| 008 | 050125s1948 ag ||||1| spa d | ||
| 100 | 1 |
_aLecomte du Noüy, Pierre. _971106 |
|
| 245 | 1 | 3 |
_aEl destino humano / _cP. Lecomte du Nouey ; traducción del inglés por Carlos Foresti. |
| 260 |
_aBuenos Aires : _bSantiago Rueda, _c[1948] ( _fBartolomé U. Chiesino) |
||
| 300 |
_a289 p. ; _c22 cm. |
||
| 700 | 1 |
_aForesti, Carlos. _951732 |
|
| 852 |
_aES-MaACL _jB-1573 _bR.29328 |
||
| 999 |
_c90829 _d90829 |
||